Discourse delivered before the Law Academy of Philadelphia : at the opening of the session, September 5, 1838 /

Bibliographic Details
Main Author: McCall, Peter, 1809-1880
Corporate Author: Law Academy of Philadelphia
Format: Microform Book
Language:English
Subjects:

MARC

Tag First Indicator Second Indicator Subfields
LEADER 00000cam a2200000 a 4500
001 in00000083095
005 20151008055557.0
007 he bm----b---
008 801022r19781838kyu b 00010 eng d
035 |a (OCoLC)06848101 
035 |9 AAJ3831AM 
040 |a RRR  |c RRR  |d TXA  |d UtOrBLW 
043 |a n-us-pa 
049 |a TXAI 
099 |a fiche  |a C  |a 3746 
100 1 |a McCall, Peter,  |d 1809-1880. 
245 1 0 |a Discourse delivered before the Law Academy of Philadelphia :  |b at the opening of the session, September 5, 1838 /  |c by P. M'Call. 
264 3 |a Philadelphia :  |b Printed for the Academy by W.F. Geddes,  |c 1838. 
300 |a 51 pages ;  |c 22 cm. 
336 |a text  |b txt  |2 rdacontent 
337 |a microform  |b h  |2 rdamedia 
338 |a microfiche  |b he  |2 rdacarrier 
500 |a "Sabin : 42976." 
500 |a "Copied from the original in the Library of Congress." 
533 |a Microfiche.  |b Louisville, [Ky.] :  |c Lost Cause Press,  |d 1978.  |e 2 microfiches ; 11 x 15 cm.  |f ([Bibliotheca Americana. Selected Americana. Microfiche ed. / J. Sabin]) (Fiche book) 
500 |a Microform. 
650 0 |a Courts  |z Pennsylvania. 
650 0 |a Law  |z Pennsylvania  |x History and criticism. 
710 2 |a Law Academy of Philadelphia. 
999 |a MARS 
999 f f |s 2f196968-5538-3630-b27b-1e3902bad373  |i ca3bdb75-fce8-3f6e-a3b7-09693f84c95c  |t 0 
952 f f |p normal  |a Texas A&M University  |b College Station  |c Sterling C. Evans Library  |d Evans: Microforms (3rd floor)  |t 0  |e fiche C 3746  |h Other scheme  |i microform -- microfiche  |m A14821395996 
998 f f |a fiche C 3746  |t 0  |l Evans: Microforms (3rd floor)